000 00437nam a22001817a 4500
003 MPLRDC
005 20220104114323.0
008 210129b ||||| |||| 00| 0 eng d
082 _a857.257 CGZ
100 _a陈桂珠
245 _a待月西厢
_c
250 _a初版
260 _a
_b庄严出版社
_c1978
300 _b
490 _a古典新刊. 18
650 _a笔记; 异闻小说--西厢记
942 _cBK
_o857.257 CGZ
999 _c6567
_d6557